000 00336nam a2200121Ia 4500
008 190216s9999||||xx |||||||||||||| ||und||
100 _a"Tickoo M L,Subramanian , Subramanian Pr"
245 0 _a"Intermediate Grammar,Usage And Composition"
260 _bOrient Longman
_c1987
300 _a344p
650 _aEnglish Grammer
942 _cBK
999 _c13144
_d13144